000 00695cam a22002531 4500
001 ne 63000013
003 DLC
005 20260227111739.0
008 890803s1962 xx 000 0 ara
010 _ane 63000013
035 _a(OCoLC)23513318
040 _aDLC
_cMiU
_dDLC
042 _apremarc
050 0 0 _aKRM2070
_b.L39 1962
100 1 _aLaylah, Muḥammad Kāmil.
245 1 3 _aal-Qānūn al-dustūrī.
260 _c[1962]
300 _a644 p.
_c24 cm.
500 _a# p. [613]-627.
504 _aBibliographical footnotes.
650 0 _aConstitutional law
_zEgypt.
650 0 _aConstitutional law
_zUnited Arab Republic.
710 1 _aUnited Arab Republic.
_kConstitution.
999 _c45387
_d45387